000 01177cam a2200157 4500500
005 20260308004504.0
041 _afre
042 _adc
100 1 0 _aBenaïssa, Chaïb
_eauthor
245 0 0 _aLocation effects, group effects, and loyalty conflicts: jihadist engagement as a process of circumstantial and constrained involvement
260 _c2025.
500 _a75
520 _aAs part of a European H2020 research program “Dialogue about Radicalisation and Equality” (DARE), this article examines radicalization trajectories within “Islamist” circles in the Brussels-Capital region. Drawing on a case study rooted in empirical research and an ethnographic survey conducted over several years, it highlights the influence of both local structural factors and circumstantial conditions. Combining a variety of sources, the study analyzes how violent engagement emerges at the intersection of personal trajectory, situational context, and biographical availability.
786 0 _nEthnologie française | 55 | 2 | 2025-10-02 | p. 217-231 | 0046-2616
856 4 1 _uhttps://shs.cairn.info/journal-ethnologie-francaise-2025-2-page-217?lang=en&redirect-ssocas=7080
999 _c1678359
_d1678359